000 00921nam a2200265 a 4500
001 BRCA_5589
005 20190320205137.0
008 210211s1919----mx-a######---#000-0#spa-#
041 _aspa
044 _amx
050 4 _aDA630
_b.R66 1919
100 1 _aRomero de Terreros, Juan
_914245
245 1 0 _aApuntaciones de viaje en 1849
_cJuan Romero de Terreros ; publicadas por el Marqués de San Francisco.
260 _aMéxico
_bPedro Robredo
_c1919
300 _a36 p.
_bil., retratos
_c24 cm.
500 _aIncluye un retrato de Juan Romero de Terreros
500 _aCuenta con la firma del editor
500 _aEjemplar numerado 82 de 100
500 _aF65
651 4 _aInglaterra
_xDescripción y viajes
_98232
651 4 _aEstados Unidos
_xDescripción y viajes
_914246
700 1 _aRomero de Terreros y Vinent, Manuel
_cMarqués de San Francisco
_d1880-1968
_eEditor
_9903
902 _aGFM
942 _2lcc
_cB
999 _c5283
_d5283